[Event "BL 1819 OSG Baden-Baden - USV TU Dresde"]
[Site "?"]
[Date "2018.11.24"]
[Round "3.7"]
[White "Hoffmann, Paul"]
[Black "Movsesian, Sergei"]
[Result "0-1"]
[WhiteElo "2376"]
[BlackElo "2633"]
[PlyCount "72"]
[EventDate "2018.??.??"]

1. e4 c5 2. Nf3 e6 3. g3 Nc6 4. Bg2 Nf6 5. Qe2 e5 6. O-O Be7 7. Nc3 O-O 8. Nd5
d6 9. c3 Re8 10. d3 h6 11. Nxe7+ Nxe7 12. h3 Ng6 13. Be3 Be6 14. c4 Qd7 15. Kh2
Nh7 16. Ng1 f5 17. f4 Nf6 18. b3 Re7 19. Rad1 exf4 20. gxf4 Bf7 21. Qf2 fxe4
22. d4 cxd4 23. Bxd4 Nh5 24. Ne2 Rf8 25. Be3 Ree8 26. Qe1 Ne7 27. Nd4 Bg6 28.
Qe2 Nf6 29. Qf2 b6 30. f5 Bh5 31. Rd2 Rf7 32. Qg3 Kh8 33. Qh4 d5 34. Bf4 Bf3
35. Bxf3 exf3 36. Rxf3 Nxf5 0-1

[Event "BL 1819 OSG Baden-Baden - USV TU Dresde"]
[Site "?"]
[Date "2018.11.24"]
[Round "3.8"]
[White "Shirov, Alexei"]
[Black "Loxine, Jakov"]
[Result "0-1"]
[WhiteElo "2639"]
[BlackElo "2393"]
[PlyCount "90"]
[EventDate "2018.??.??"]

1. e4 c5 2. Nf3 g6 3. d4 cxd4 4. Nxd4 Bg7 5. Nc3 Nc6 6. Be3 Nf6 7. Bc4 O-O 8.
Bb3 Re8 9. h3 d6 10. g4 Na5 11. Qf3 Nxb3 12. axb3 Bd7 13. b4 a6 14. O-O-O b5
15. Nb3 Bc6 16. Na5 Qc7 17. Bd4 Rac8 18. Qd3 e5 19. Be3 d5 20. Nxc6 dxe4 21.
Qd6 Qxc6 22. Qxc6 Rxc6 23. g5 Nh5 24. Nxe4 f5 25. gxf6 Nxf6 26. Nxf6+ Bxf6 27.
Rd5 Rd8 28. Rhd1 Rxd5 29. Rxd5 h5 30. Bc5 Kf7 31. b3 Ke6 32. c4 a5 33. Be3 bxc4
34. Rxa5 cxb3+ 35. Kb2 e4+ 36. Kxb3 Be5 37. b5 Rc3+ 38. Kb4 g5 39. b6 Rc2 40.
Kb5 g4 41. hxg4 h4 42. b7 h3 43. Ka6 Bc7 44. Rh5 Ra2+ 45. Kb5 Ra5+ 0-1

[Event "BL 1819 SF Deizisau - SF Berlin"]
[Site "?"]
[Date "2018.11.24"]
[Round "3.1"]
[White "Sprenger, Jan Michael"]
[Black "Leko, Peter"]
[Result "1/2-1/2"]
[WhiteElo "2490"]
[BlackElo "2679"]
[PlyCount "73"]
[EventDate "2018.??.??"]

1. e4 e5 2. Nf3 Nc6 3. Bb5 Nf6 4. O-O Nxe4 5. Re1 Nd6 6. Nxe5 Be7 7. Bf1 Nf5 8.
Nf3 O-O 9. d4 d5 10. c3 Re8 11. Bd3 Bd6 12. Rxe8+ Qxe8 13. Nbd2 Bd7 14. Nf1 f6
15. h3 Qf7 16. Qc2 g6 17. Bd2 Re8 18. Re1 Rxe1 19. Nxe1 Nce7 20. Nf3 c6 21. Qb3
Bc8 22. Ne3 Nxe3 23. Bxe3 Kg7 24. Qd1 Bf5 25. Ne1 g5 26. Be2 Bg6 27. g4 h6 28.
Nf3 Qe6 29. Nd2 Bh7 30. Nf1 Ng6 31. Bd3 Nh4 32. Bxh7 Kxh7 33. Qd3+ f5 34. Ng3
Nf3+ 35. Kf1 Nh4 36. Nxf5 Nxf5 37. gxf5 1/2-1/2

[Event "BL 1819 SF Deizisau - SF Berlin"]
[Site "?"]
[Date "2018.11.24"]
[Round "3.2"]
[White "Bluebaum, Matthias"]
[Black "Schreiner, Peter"]
[Result "1/2-1/2"]
[WhiteElo "2620"]
[BlackElo "2480"]
[PlyCount "115"]
[EventDate "2018.??.??"]

1. Nf3 Nf6 2. c4 c5 3. Nc3 Nc6 4. e3 d5 5. cxd5 Nxd5 6. Bb5 Nxc3 7. bxc3 Bd7 8.
O-O e6 9. d4 Be7 10. Rb1 a6 11. Be2 b5 12. e4 cxd4 13. cxd4 O-O 14. Bf4 Rc8 15.
Rc1 Bf6 16. Bd6 Re8 17. Bc5 Qa5 18. Qb3 Be7 19. Rfd1 Bxc5 20. Rxc5 Nxd4 21.
Rxd4 Rxc5 22. Rxd7 Rc1+ 23. Rd1 Rxd1+ 24. Bxd1 Rd8 25. h4 Qc7 26. Qb1 Rc8 27.
e5 h6 28. Qd3 Rd8 29. Qb1 Qc4 30. Bb3 Qc6 31. Qe1 Rc8 32. Kh2 Qc3 33. Qe4 a5
34. Nd4 Qb4 35. Bc2 Rxc2 36. Qa8+ Kh7 37. Nxc2 Qf4+ 38. g3 Qxf2+ 39. Qg2 Qf5
40. Qe2 b4 41. Kg2 Kg8 42. Nd4 Qb1 43. Qc2 Qe1 44. Nc6 a4 45. h5 b3 46. axb3 a3
47. Qd3 Kh8 48. b4 g5 49. hxg6 fxg6 50. Ne7 Kg7 51. Qxg6+ Kf8 52. Qf6+ Ke8 53.
Ng6 Qe4+ 54. Kh2 Qc2+ 55. Kg1 Qb1+ 56. Kh2 Qc2+ 57. Kg1 Qb1+ 58. Kh2 1/2-1/2

[Event "BL 1819 SF Deizisau - SF Berlin"]
[Site "?"]
[Date "2018.11.24"]
[Round "3.3"]
[White "Baldauf, Marco"]
[Black "Meier, Georg"]
[Result "1/2-1/2"]
[WhiteElo "2470"]
[BlackElo "2622"]
[PlyCount "73"]
[EventDate "2018.??.??"]

1. d4 Nf6 2. c4 e6 3. Nc3 Bb4 4. Qc2 O-O 5. Nf3 d6 6. Bd2 c5 7. e3 b6 8. a3
Bxc3 9. Bxc3 Bb7 10. Bd3 Nbd7 11. O-O Rc8 12. Rfd1 h6 13. Rac1 d5 14. Qe2 Qe7
15. cxd5 Nxd5 16. Ba6 Bxa6 17. Qxa6 Nb8 18. Qa4 Qd7 19. Qb3 cxd4 20. Bxd4 Rxc1
21. Rxc1 Rc8 22. Rc2 f6 23. e4 Ne7 24. Rxc8+ Nxc8 25. g3 Kf7 26. Qc2 Nd6 27. e5
Nf5 28. exf6 gxf6 29. Bc3 h5 30. Nh4 Nc6 31. Qe2 Ng7 32. Qf3 e5 33. Qe4 Ne7 34.
Qc4+ Ne6 35. Qe2 Ng7 36. Qc4+ Ne6 37. Qe2 1/2-1/2

[Event "BL 1819 SF Deizisau - SF Berlin"]
[Site "?"]
[Date "2018.11.24"]
[Round "3.4"]
[White "Keymer, Vincent"]
[Black "Abel, Dennes"]
[Result "1-0"]
[WhiteElo "2502"]
[BlackElo "2465"]
[PlyCount "77"]
[EventDate "2018.??.??"]

1. c4 e6 2. Nf3 Nf6 3. Nc3 d5 4. e3 Be7 5. b3 O-O 6. Bb2 dxc4 7. Bxc4 a6 8. a4
b6 9. O-O Bb7 10. Ne2 c5 11. Nf4 Nc6 12. Qb1 Nd5 13. Bxd5 exd5 14. d4 Bd6 15.
dxc5 Bxf4 16. exf4 bxc5 17. Rc1 Qd6 18. Qc2 Qxf4 19. Qxc5 Nd8 20. Qe7 Qe4 21.
Re1 Qxe7 22. Rxe7 Bc8 23. Nd4 Rb8 24. Rae1 Rb6 25. a5 Rg6 26. Re8 Ne6 27. Rxf8+
Kxf8 28. f4 Rg4 29. g3 g5 30. Rc1 Bd7 31. Nf3 Nxf4 32. Rc7 Be6 33. Ra7 Nh3+ 34.
Kf1 d4 35. Nxd4 Bd5 36. Rxa6 h5 37. Rd6 Be4 38. a6 Bd3+ 39. Ne2 1-0

[Event "BL 1819 SF Deizisau - SF Berlin"]
[Site "?"]
[Date "2018.11.24"]
[Round "3.5"]
[White "Blohberger, Felix"]
[Black "Heimann, Andreas"]
[Result "1/2-1/2"]
[WhiteElo "2434"]
[BlackElo "2601"]
[PlyCount "46"]
[EventDate "2018.??.??"]

1. c4 e5 2. Nc3 Bb4 3. Qc2 Nf6 4. Nf3 Nc6 5. e3 Bxc3 6. Qxc3 Qe7 7. d4 exd4 8.
Nxd4 Nxd4 9. Qxd4 O-O 10. b3 Rd8 11. Bb2 d5 12. c5 Qe4 13. f3 Qxd4 14. Bxd4 Nd7
15. Rc1 Nf8 16. Bd3 Re8 17. Kd2 Bd7 18. h4 h5 19. g4 hxg4 20. fxg4 Ne6 21. g5
Re7 22. Rhg1 Nxd4 23. exd4 g6 1/2-1/2

[Event "BL 1819 SF Deizisau - SF Berlin"]
[Site "?"]
[Date "2018.11.24"]
[Round "3.6"]
[White "Kozul, Zdenko"]
[Black "Lauber, Arnd"]
[Result "1-0"]
[WhiteElo "2612"]
[BlackElo "2431"]
[PlyCount "119"]
[EventDate "2018.??.??"]

1. d4 f5 2. g3 Nf6 3. Bg2 e6 4. c4 d5 5. Nh3 c6 6. O-O Bd6 7. Qc2 O-O 8. Rd1 b6
9. Bf4 Qe7 10. Nc3 Ba6 11. cxd5 cxd5 12. Rac1 Rc8 13. Bg5 Nbd7 14. Qa4 Bb7 15.
Nb5 a6 16. Nxd6 Qxd6 17. Bd2 a5 18. Nf4 Ba6 19. h4 Ne4 20. Be1 Bc4 21. f3 Nef6
22. Qc2 Ba6 23. Qb3 Rxc1 24. Rxc1 Rc8 25. Rxc8+ Bxc8 26. Qb5 Nb8 27. Qd3 Kf7
28. Bh3 Nc6 29. a3 Ne7 30. Bf1 Qc6 31. e3 Qc1 32. Qc3 Qxc3 33. Bxc3 Nc6 34. Kf2
Nb8 35. b4 axb4 36. Bxb4 Ba6 37. Nd3 Nfd7 38. Bd6 Ke8 39. Nb4 Bxf1 40. Kxf1 Kd8
41. Ke2 Kc8 42. Nd3 Nc6 43. Nf4 Nd8 44. Kd3 b5 45. h5 Nb6 46. Be7 Nc6 47. Bc5
e5 48. Ne6 e4+ 49. Ke2 Na4 50. Nxg7 Nc3+ 51. Ke1 exf3 52. Kf2 Na5 53. Kxf3 Nc4
54. Nxf5 Kd7 55. g4 Ke6 56. Ng3 Nb1 57. Ne2 Nbxa3 58. Nf4+ Kf7 59. Bxa3 Nxa3
60. Nxd5 1-0

[Event "BL 1819 SF Deizisau - SF Berlin"]
[Site "?"]
[Date "2018.11.24"]
[Round "3.7"]
[White "Seyb, Alexander"]
[Black "Kollars, Dmitrij"]
[Result "1/2-1/2"]
[WhiteElo "2416"]
[BlackElo "2542"]
[PlyCount "83"]
[EventDate "2018.??.??"]

1. e4 e5 2. Nf3 Nc6 3. Nc3 Nf6 4. Bb5 Bb4 5. O-O O-O 6. d3 Bxc3 7. bxc3 d6 8.
Nd2 a6 9. Bxc6 bxc6 10. Rb1 Be6 11. c4 Nd7 12. f4 exf4 13. Rxf4 Rb8 14. Nb3 Ne5
15. Qh5 h6 16. Be3 c5 17. Rbf1 Qg5 18. Qe2 Qg6 19. Bd2 f6 20. Bc3 Rf7 21. Nd2
Qg5 22. Kh1 Rbf8 23. h3 h5 24. R4f2 Qh6 25. Bxe5 fxe5 26. Rxf7 Rxf7 27. Rxf7
Kxf7 28. Kg1 Ke7 29. Kf2 Qf4+ 30. Ke1 g6 31. Kd1 Qh2 32. Nf1 Qg1 33. c3 g5 34.
Ke1 h4 35. Qd2 Kf6 36. Qf2+ Qxf2+ 37. Kxf2 g4 38. hxg4 Bxg4 39. Ne3 Be6 40. g3
Kg5 41. gxh4+ Kxh4 42. Ng2+ 1/2-1/2

[Event "BL 1819 SF Deizisau - SF Berlin"]
[Site "?"]
[Date "2018.11.24"]
[Round "3.8"]
[White "Graf, Alexander"]
[Black "Schmidek, Emil"]
[Result "1-0"]
[WhiteElo "2562"]
[BlackElo "2387"]
[PlyCount "57"]
[EventDate "2018.??.??"]

1. c4 Nf6 2. Nc3 d5 3. e3 g6 4. b3 Bg7 5. Bb2 O-O 6. Nf3 c5 7. Nxd5 Nxd5 8.
Bxg7 Nxe3 9. fxe3 Kxg7 10. Be2 Nc6 11. d4 Bg4 12. d5 Bxf3 13. gxf3 Ne5 14. Qd2
e6 15. O-O-O exd5 16. f4 Nc6 17. cxd5 Ne7 18. e4 Qb6 19. h4 a5 20. h5 a4 21.
Qc3+ f6 22. d6 Ng8 23. hxg6 h6 24. Bc4 axb3 25. axb3 Qa5 26. Qxa5 Rxa5 27. Kb2
Rd8 28. e5 fxe5 29. fxe5 1-0

[Event "BL 1819 Düsseldorfer SK - SV Werder Br"]
[Site "?"]
[Date "2018.11.24"]
[Round "3.1"]
[White "McShane, Luke J"]
[Black "Demchenko, Anton"]
[Result "1/2-1/2"]
[WhiteElo "2667"]
[BlackElo "2679"]
[PlyCount "84"]
[EventDate "2018.??.??"]

1. e4 c5 2. Nf3 d6 3. Bb5+ Nd7 4. d4 cxd4 5. Qxd4 a6 6. Bxd7+ Bxd7 7. Nc3 e6 8.
O-O Bc6 9. Bg5 Nf6 10. Rfd1 Be7 11. a4 O-O 12. a5 Qc7 13. h3 Rfd8 14. Qe3 h6
15. Bh4 Rab8 16. Nd4 b5 17. axb6 Rxb6 18. Ra2 Ba8 19. f3 Ng4 20. Qe1 Bxh4 21.
Qxh4 Ne3 22. Rd3 Nc4 23. b3 Ne5 24. Re3 Rb4 25. Nce2 Ng6 26. Qe1 Rb6 27. Qa5 e5
28. Nf5 d5 29. exd5 Rxd5 30. Qa4 Rd1+ 31. Kf2 Bc6 32. Qc4 Qb7 33. Nc3 Rd2+ 34.
Re2 Rd8 35. Qc5 Bb5 36. Nxb5 axb5 37. Qe3 Qc7 38. Rd2 Rxd2+ 39. Qxd2 Rb8 40.
Qd6 Qb7 41. Ne3 Rc8 42. Ra5 Kh7 1/2-1/2

[Event "BL 1819 Düsseldorfer SK - SV Werder Br"]
[Site "?"]
[Date "2018.11.24"]
[Round "3.2"]
[White "Alekseev, Evgeny"]
[Black "Areshchenko, Alexander"]
[Result "1/2-1/2"]
[WhiteElo "2620"]
[BlackElo "2652"]
[PlyCount "69"]
[EventDate "2018.??.??"]

1. d4 Nf6 2. c4 g6 3. Nf3 Bg7 4. e3 c5 5. d5 O-O 6. Nc3 e6 7. Be2 d6 8. Nd2
exd5 9. cxd5 Na6 10. O-O Nc7 11. e4 Re8 12. a4 Rb8 13. Re1 a6 14. a5 Bd7 15. f3
Bb5 16. Nf1 Nd7 17. Bf4 Ne5 18. Ne3 h5 19. Bg3 h4 20. Bf2 Qf6 21. h3 Bh6 22.
Rf1 Bxe2 23. Qxe2 b6 24. axb6 Rxb6 25. Kh1 Reb8 26. Ra2 Bf4 27. Qc2 Nb5 28.
Nxb5 Rxb5 29. Nd1 a5 30. Be1 Rb3 31. Rxa5 Nd3 32. Bc3 Ne5 33. Be1 Nd3 34. Bc3
Ne5 35. Be1 1/2-1/2

[Event "BL 1819 Düsseldorfer SK - SV Werder Br"]
[Site "?"]
[Date "2018.11.24"]
[Round "3.3"]
[White "Efimenko, Zahar"]
[Black "Timman, Jan H"]
[Result "1-0"]
[WhiteElo "2635"]
[BlackElo "2541"]
[PlyCount "97"]
[EventDate "2018.??.??"]

1. Nf3 Nf6 2. g3 d5 3. Bg2 c6 4. O-O Bg4 5. d3 Nbd7 6. Nbd2 e5 7. e4 dxe4 8.
dxe4 Bc5 9. h3 Bh5 10. Qe1 O-O 11. Nh4 Re8 12. Nb3 Bf8 13. Be3 Qc7 14. a4 a5
15. f3 b5 16. Qf2 b4 17. Nd2 c5 18. b3 Nb6 19. f4 exf4 20. Bxf4 Qa7 21. e5 Nfd5
22. Ne4 Rad8 23. Rae1 Bg6 24. Nxg6 hxg6 25. Bg5 Rc8 26. Nd6 Bxd6 27. exd6 Rxe1
28. Rxe1 f6 29. Qd2 Qf7 30. Be3 Kh7 31. Bf2 Rc6 32. Qe2 Rxd6 33. Bxc5 Rd8 34.
Qg4 Qc7 35. Bf2 Nc3 36. h4 Qd7 37. Qxd7 Nxd7 38. Bd4 Ne5 39. Bxe5 fxe5 40. Rxe5
Rd2 41. Bf1 Rxc2 42. Rxa5 Nd1 43. Rh5+ Kg8 44. Rb5 Ne3 45. Rxb4 Rc1 46. Rf4 Rb1
47. a5 Nxf1 48. Rxf1 Rxb3 49. Ra1 1-0

[Event "BL 1819 Düsseldorfer SK - SV Werder Br"]
[Site "?"]
[Date "2018.11.24"]
[Round "3.4"]
[White "Andersson, Ulf"]
[Black "Edouard, Romain"]
[Result "0-1"]
[WhiteElo "2530"]
[BlackElo "2636"]
[PlyCount "78"]
[EventDate "2018.??.??"]

1. Nf3 Nf6 2. c4 g6 3. g3 Bg7 4. Bg2 O-O 5. O-O d6 6. d4 Nbd7 7. Nc3 e5 8. e4
exd4 9. Nxd4 Re8 10. Rb1 a6 11. h3 Rb8 12. Re1 Nc5 13. b3 Bd7 14. b4 Ne6 15.
Be3 Nxd4 16. Bxd4 Be6 17. Nd5 c6 18. Nxf6+ Bxf6 19. Rc1 Bxd4 20. Qxd4 Qc7 21.
Red1 c5 22. Qc3 Rec8 23. a3 cxb4 24. Qxb4 a5 25. Qxd6 Qxd6 26. Rxd6 b5 27. c5
b4 28. axb4 axb4 29. c6 b3 30. Rb1 Kf8 31. Rb2 Ke7 32. e5 Rb5 33. Bf3 Rc7 34.
Kg2 Ra7 35. Bg4 f5 36. Bd1 Rxe5 37. Rd3 Ra2 38. Rbxb3 Bxb3 39. Bxb3 Ra7 0-1

[Event "BL 1819 Düsseldorfer SK - SV Werder Br"]
[Site "?"]
[Date "2018.11.24"]
[Round "3.5"]
[White "Hracek, Zbynek"]
[Black "Berelowitsch, Alexander"]
[Result "0-1"]
[WhiteElo "2569"]
[BlackElo "2520"]
[PlyCount "102"]
[EventDate "2018.??.??"]

1. e4 e6 2. d4 d5 3. Nc3 Bb4 4. e5 c5 5. a3 Ba5 6. b4 cxd4 7. Qg4 Kf8 8. Nb5
Bb6 9. Nf3 Nc6 10. Bb2 Nge7 11. Nbxd4 h5 12. Qf4 Ng6 13. Nxc6 Nxf4 14. Nxd8
Bxd8 15. g3 Ng6 16. Bd3 Ne7 17. b5 a6 18. a4 g6 19. Ke2 Nf5 20. Rhb1 Kg7 21.
Bc1 Bd7 22. bxa6 bxa6 23. a5 Ra7 24. h3 Bb5 25. Bxb5 axb5 26. Rxb5 Bc7 27. Bd2
Bxe5 28. Ra4 Bf6 29. Bb4 Rc8 30. Kd3 Rc4 31. Rc5 Re4 32. Rc8 Nd6 33. Rb8 Nc4
34. Ra2 Ra6 35. c3 g5 36. Nd2 Ne5+ 37. Kc2 Re2 38. f4 Nc4 39. Kd1 Rg2 40. Nxc4
Rxa2 41. Nd6 gxf4 42. gxf4 Rxd6 43. Bxd6 Rxa5 44. Bf8+ Kg6 45. Bb4 Ra2 46. Rg8+
Kf5 47. Rf8 Ra7 48. Bc5 Rc7 49. Bb4 Bg7 50. Rg8 Bxc3 51. Bd6 Rc6 0-1

[Event "BL 1819 Düsseldorfer SK - SV Werder Br"]
[Site "?"]
[Date "2018.11.24"]
[Round "3.6"]
[White "Orlov, Andrey"]
[Black "Nyback, Tomi"]
[Result "1/2-1/2"]
[WhiteElo "2497"]
[BlackElo "2571"]
[PlyCount "112"]
[EventDate "2018.??.??"]

1. e4 e5 2. Nf3 Nc6 3. Bc4 Bc5 4. O-O Nf6 5. d3 d6 6. c3 O-O 7. a4 a5 8. h3 Ne7
9. Bg5 Ng6 10. Nh4 Kh8 11. d4 Bb6 12. Nxg6+ fxg6 13. dxe5 dxe5 14. Qxd8 Rxd8
15. Re1 h6 16. Bh4 Rf8 17. Kh2 g5 18. Bg3 g4 19. Nd2 gxh3 20. f3 hxg2 21. Kxg2
Re8 22. Bb3 Be6 23. Bxe6 Rxe6 24. Nc4 Rae8 25. Rh1 Kh7 26. Rad1 g5 27. Rd3 h5
28. Rhd1 h4 29. Bh2 g4 30. fxg4 Nxg4 31. Nxb6 Rxb6 32. R1d2 Rg6 33. Kh3 Rf8 34.
Bg1 Nf6 35. Rg2 Rxg2 36. Kxg2 Rg8+ 37. Kh2 Nxe4 38. Rd5 Nf6 39. Rxa5 h3 40. Kh1
Rg5 41. Rc5 c6 42. Rc4 Kg6 43. a5 Rg4 44. Rxg4+ Nxg4 45. c4 e4 46. Bd4 e3 47.
b4 Kf5 48. b5 Ke4 49. Bc3 cxb5 50. cxb5 Kd5 51. a6 bxa6 52. bxa6 Kc6 53. Ba5 e2
54. Kg1 Ne3 55. Kh2 Nc2 56. Kxh3 e1=Q 1/2-1/2

[Event "BL 1819 Düsseldorfer SK - SV Werder Br"]
[Site "?"]
[Date "2018.11.24"]
[Round "3.7"]
[White "Babula, Vlastimil"]
[Black "Stark, Lars"]
[Result "1-0"]
[WhiteElo "2538"]
[BlackElo "2359"]
[PlyCount "69"]
[EventDate "2018.??.??"]

1. d4 Nf6 2. c4 e6 3. Nc3 Bb4 4. e3 b6 5. Nge2 Ne4 6. Bd2 Nxd2 7. Qxd2 O-O 8.
a3 Be7 9. Nf4 d6 10. Bd3 Bb7 11. Qc2 h6 12. d5 exd5 13. cxd5 Nd7 14. O-O a6 15.
Rac1 Ra7 16. Rfd1 Re8 17. Nce2 Bf6 18. Bf5 Ba8 19. Nd4 Be5 20. Bxd7 Qxd7 21.
Nc6 Bxc6 22. dxc6 Qg4 23. h3 Qh4 24. Nd5 Bf6 25. b3 Qg5 26. f4 Qg3 27. Re1 a5
28. Rcd1 Re6 29. Re2 Bd8 30. e4 a4 31. b4 Re8 32. Rd3 Qh4 33. Kh2 Qh5 34. Rg3
Kh8 35. Ree3 1-0

[Event "BL 1819 Düsseldorfer SK - SV Werder Br"]
[Site "?"]
[Date "2018.11.24"]
[Round "3.8"]
[White "De Gleria, Francesco"]
[Black "Meins, Gerlef"]
[Result "0-1"]
[WhiteElo "2390"]
[BlackElo "2412"]
[PlyCount "72"]
[EventDate "2018.??.??"]

1. e4 c5 2. Nf3 Nc6 3. d4 cxd4 4. Nxd4 Nf6 5. Nc3 d6 6. Bg5 e6 7. Qd2 a6 8.
O-O-O Bd7 9. f4 h6 10. Bh4 Nxe4 11. Qe1 Nf6 12. Nf5 Qa5 13. Nxd6+ Bxd6 14. Rxd6
Qc7 15. Qd2 Ne7 16. Bxf6 gxf6 17. Ne4 O-O-O 18. Nxf6 Bc6 19. Rxd8+ Rxd8 20. Qe3
Ng6 21. f5 exf5 22. Bd3 f4 23. Qh3+ Kb8 24. Kb1 Qe5 25. Ng4 Qg5 26. Nxh6 Qxg2
27. Qxg2 Bxg2 28. Rd1 Ne5 29. Kc1 Rh8 30. Nf5 Rxh2 31. b3 Nxd3+ 32. cxd3 Bh3
33. Nd4 Rxa2 34. Nc2 f3 35. Rd2 Be6 36. b4 f2 0-1

[Event "BL 1819 SG Solingen - SV Mülheim Nord "]
[Site "?"]
[Date "2018.11.24"]
[Round "3.10"]
[White "Ganguly, Surya Shekhar"]
[Black "Fridman, Daniel"]
[Result "1-0"]
[WhiteElo "2615"]
[BlackElo "2633"]
[PlyCount "69"]
[EventDate "2018.??.??"]

1. e4 e5 2. Nf3 Nf6 3. Nxe5 d6 4. Nc4 Nxe4 5. Qe2 Qe7 6. Ne3 Be6 7. c4 c6 8. g3
Nf6 9. Bg2 d5 10. d4 dxc4 11. O-O Nbd7 12. b3 cxb3 13. axb3 Nb6 14. Nc3 Qd8 15.
d5 Nbxd5 16. Ncxd5 cxd5 17. Nf5 g6 18. Nd4 Qb6 19. Be3 Bc5 20. Qb2 O-O 21. Rfc1
Nd7 22. Rxc5 Nxc5 23. b4 Nd3 24. Qc3 Qxb4 25. Qxd3 Rfc8 26. Rb1 Qe7 27. h4 a5
28. Bg5 Qd6 29. Rxb7 Qa6 30. Qb1 a4 31. Rb6 Qc4 32. Nxe6 a3 33. Qa1 fxe6 34.
Qf6 Qe2 35. Rb7 1-0

[Event "BL 1819 SG Solingen - SV Mülheim Nord "]
[Site "?"]
[Date "2018.11.24"]
[Round "3.11"]
[White "Feygin, Michael"]
[Black "L'Ami, Erwin"]
[Result "0-1"]
[WhiteElo "2503"]
[BlackElo "2644"]
[PlyCount "120"]
[EventDate "2018.??.??"]

1. Nf3 c5 2. c4 Nc6 3. b3 e5 4. Nc3 g6 5. Bb2 Bg7 6. h4 h6 7. g3 d6 8. Bg2 f5
9. d3 Nf6 10. Nd2 Be6 11. Nf1 d5 12. cxd5 Nxd5 13. Bxd5 Bxd5 14. Nxd5 Qxd5 15.
Rg1 O-O-O 16. Rc1 b6 17. Ne3 Qd7 18. Qc2 Kb7 19. Nc4 Rhe8 20. Kf1 f4 21. Kg2
Qg4 22. Bc3 Rf8 23. f3 Qxg3+ 24. Kf1 Qh3+ 25. Rg2 Qxh4 26. Nd2 Ne7 27. Kg1 Nf5
28. Nf1 Qe7 29. Be1 Bf6 30. b4 Rc8 31. Qc4 Bh4 32. Qe4+ Kb8 33. Bc3 Nd4 34.
Bxd4 exd4 35. Qxg6 cxb4 36. Rxc8+ Rxc8 37. Qxh6 Bg3 38. Qh5 Rc1 39. Qh8+ Kb7
40. Qxd4 Qc5 41. Qxc5 bxc5 42. e3 fxe3 43. Re2 Bf4 44. Kg2 Ra1 45. Ng3 Kc6 46.
Nh5 Be5 47. f4 Bd4 48. f5 Kd5 49. f6 Ke6 50. Kf3 Rf1+ 51. Ke4 Rf2 52. Re1 Rxa2
53. Rg1 Rf2 54. Nf4+ Rxf4+ 55. Kxf4 b3 56. Ke4 b2 57. Rh1 a5 58. f7 Kxf7 59.
Kd5 e2 60. Kc4 Bf2 0-1

[Event "BL 1819 SG Solingen - SV Mülheim Nord "]
[Site "?"]
[Date "2018.11.24"]
[Round "3.12"]
[White "Predojevic, Borki"]
[Black "Saltaev, Mihail"]
[Result "1/2-1/2"]
[WhiteElo "2626"]
[BlackElo "2471"]
[PlyCount "41"]
[EventDate "2018.??.??"]

1. e4 c6 2. d4 d5 3. exd5 cxd5 4. Bd3 Nc6 5. c3 g6 6. Nf3 Bf5 7. Bxf5 gxf5 8.
Bg5 Qb6 9. Qb3 e6 10. Na3 Be7 11. Bf4 Rc8 12. Qxb6 axb6 13. Nb5 Nf6 14. Ke2 Rg8
15. g3 Ne4 16. Bc7 Bd8 17. Bxd8 Kxd8 18. Ne1 Kd7 19. f3 Nd6 20. Nxd6 Kxd6 21.
Nd3 1/2-1/2

[Event "BL 1819 SG Solingen - SV Mülheim Nord "]
[Site "?"]
[Date "2018.11.24"]
[Round "3.13"]
[White "Hausrath, Daniel"]
[Black "Tari, Aryan"]
[Result "1/2-1/2"]
[WhiteElo "2493"]
[BlackElo "2614"]
[PlyCount "43"]
[EventDate "2018.??.??"]

1. Nf3 g6 2. c4 Bg7 3. Nc3 c5 4. g3 Nc6 5. Bg2 d6 6. d3 e6 7. Bd2 Nge7 8. a3 b6
9. Rb1 Bb7 10. O-O O-O 11. b4 Qd7 12. Qa4 Rfd8 13. Rfc1 h6 14. h4 Nf5 15. e3
Kh8 16. Qd1 Qe7 17. Ne2 Rac8 18. Bc3 Ne5 19. Nxe5 dxe5 20. e4 Nd4 21. Nxd4 exd4
22. Bd2 1/2-1/2

[Event "BL 1819 SG Solingen - SV Mülheim Nord "]
[Site "?"]
[Date "2018.11.24"]
[Round "3.14"]
[White "Andersen, Mads"]
[Black "Zelbel, Patrick"]
[Result "1-0"]
[WhiteElo "2594"]
[BlackElo "2439"]
[PlyCount "63"]
[EventDate "2018.??.??"]

1. Nf3 Nf6 2. c4 e6 3. g3 d5 4. Bg2 Be7 5. O-O O-O 6. d4 dxc4 7. Ne5 Nc6 8.
Nxc6 bxc6 9. Na3 Bxa3 10. bxa3 Ba6 11. Bxc6 Rb8 12. Re1 Rb6 13. Bg2 Bb7 14. e4
Qa8 15. Qc2 Rd8 16. f3 Rxd4 17. Be3 Qd8 18. Bxd4 Qxd4+ 19. Qf2 Qxf2+ 20. Kxf2
g5 21. Rac1 Nd7 22. Rxc4 Ne5 23. Rc3 Ba6 24. Bf1 Rb2+ 25. Kg1 Bb7 26. f4 gxf4
27. gxf4 Ng6 28. Rb3 Rxb3 29. axb3 Nxf4 30. Rc1 Bxe4 31. Rxc7 a5 32. Ra7 1-0

[Event "BL 1819 SG Solingen - SV Mülheim Nord "]
[Site "?"]
[Date "2018.11.24"]
[Round "3.15"]
[White "Dinstuhl, Volkmar"]
[Black "Smeets, Jan"]
[Result "1-0"]
[WhiteElo "2375"]
[BlackElo "2602"]
[PlyCount "107"]
[EventDate "2018.??.??"]

1. Nf3 d5 2. e3 c5 3. d4 cxd4 4. exd4 Nf6 5. c4 g6 6. Nc3 Bg7 7. cxd5 Nxd5 8.
Qb3 Nxc3 9. bxc3 Nc6 10. Be2 O-O 11. O-O b6 12. Bg5 Be6 13. Qa3 h6 14. Bf4 Qd5
15. Qc1 Kh7 16. Rd1 Qa5 17. Nd2 Rfd8 18. Nb3 Qa4 19. Qb2 Rac8 20. Rac1 Bc4 21.
Bf3 e6 22. h3 Rd7 23. Re1 Bd5 24. Be2 Bc4 25. Bf3 Na5 26. Nd2 Bd5 27. Bd1 Qxa2
28. Qb5 Bc6 29. Qa6 Bb7 30. Qxa7 e5 31. Bb3 Qa3 32. Ra1 Qd6 33. Rxa5 exf4 34.
Raa1 Rxc3 35. Qa2 Qxd4 36. Rad1 Rd3 37. Qb1 Qc3 38. Nf3 Bxf3 39. gxf3 Rxd1 40.
Rxd1 Bd4 41. Kg2 Re7 42. Qa2 Kg7 43. Bc4 Bc5 44. Rd8 Bxf2 45. Bxf7 Rxf7 46.
Qxf2 Ra7 47. h4 Ra1 48. Rd7+ Kf8 49. Rd8+ Kg7 50. Rd7+ Kf8 51. Rd8+ Ke7 52. Rd2
Qc5 53. Rd4 Ra2 54. Re4+ 1-0

[Event "BL 1819 SG Solingen - SV Mülheim Nord "]
[Site "?"]
[Date "2018.11.24"]
[Round "3.16"]
[White "Schroeder, Kevin"]
[Black "Rezasade, Amir"]
[Result "1-0"]
[WhiteElo "2311"]
[BlackElo "2351"]
[PlyCount "145"]
[EventDate "2018.??.??"]

1. d4 d5 2. Nf3 Nf6 3. c4 e6 4. g3 c5 5. Bg2 Nc6 6. O-O dxc4 7. dxc5 Qxd1 8.
Rxd1 Bxc5 9. Nc3 e5 10. Nd5 O-O 11. Be3 Bxe3 12. Nxe3 Be6 13. Ng5 Na5 14. Rd6
Rfd8 15. Rad1 Rxd6 16. Rxd6 Re8 17. Nxe6 Rxe6 18. Nf5 Kf8 19. Kf1 g6 20. Rxe6
fxe6 21. Nd6 Nd5 22. Ne4 Ke7 23. Ke1 b5 24. Kd2 b4 25. e3 Nb7 26. Bf1 Nb6 27.
Kc2 a5 28. Ng5 h6 29. Nf3 Kf6 30. h4 Nd6 31. Nh2 h5 32. g4 e4 33. Be2 hxg4 34.
Nxg4+ Kf5 35. Nh6+ Kf6 36. Ng4+ Kf5 37. Nh6+ Ke5 38. Ng4+ Kd5 39. f4 Nf5 40.
Nf6+ Kc6 41. Kd2 Nxh4 42. Nxe4 Nf5 43. Ng5 Kd6 44. Nf7+ Kc5 45. Ne5 Ne7 46. Bg4
Kd6 47. Nf7+ Kd7 48. Ne5+ Kd6 49. e4 Kc5 50. Nf3 e5 51. fxe5 Na4 52. Kc2 Nb6
53. Be6 Nc6 54. Bf7 g5 55. Nxg5 Nxe5 56. Ne6+ Kd6 57. Bg8 Nc6 58. Ng5 Ke5 59.
Bh7 Nd4+ 60. Kd2 Na4 61. Kc1 c3 62. bxc3 bxc3 63. Nf7+ Kf6 64. Nd6 Nb2 65. Kb1
Ke5 66. Nf5 Nb5 67. Kc2 a4 68. Ng3 Nc4 69. Ne2 Nd4+ 70. Kxc3 Nxe2+ 71. Kxc4 a3
72. Kb3 Nd4+ 73. Kxa3 1-0

[Event "?"]
[Site "?"]
[Date "2018.11.25"]
[Round "4.1"]
[White "Kryvoruchko, Yuriy"]
[Black "Schroeder, Jan-Christian"]
[Result "1/2-1/2"]
[WhiteElo "2698"]
[BlackElo "2571"]
[PlyCount "87"]
[EventDate "2018.??.??"]

1. e4 e5 2. Nf3 Nc6 3. Bb5 a6 4. Ba4 Nf6 5. O-O Be7 6. d3 b5 7. Bb3 d6 8. a4 b4
9. a5 O-O 10. Nbd2 Be6 11. Nc4 h6 12. Be3 Qc8 13. h3 Qb7 14. Nfd2 Nd7 15. c3
Bf6 16. Ba4 Rab8 17. Qf3 Kh7 18. Rfc1 Rfd8 19. d4 exd4 20. Bxc6 Qxc6 21. cxd4
Bxc4 22. Rxc4 Qb7 23. Rac1 c5 24. Qf5+ Kg8 25. e5 cxd4 26. exf6 dxe3 27. Ne4
Qb5 28. Qxb5 exf2+ 29. Kf1 Rxb5 30. Nxd6 Rd5 31. Rc8 Rxc8 32. Rxc8+ Kh7 33.
fxg7 Kxg7 34. Ne8+ Kg6 35. Rc6+ Kg5 36. Rxa6 Ne5 37. Nf6 Rd1+ 38. Kxf2 Rd2+ 39.
Kg3 Rxb2 40. Ne4+ Kf5 41. Nd6+ Kg5 42. Ne4+ Kf5 43. Nd6+ Kg5 44. Ne4+ 1/2-1/2